| 000 | 00557 a2200133 4500 | ||
|---|---|---|---|
| 245 |
_aPapers on African literature _b : given at the seminar series on African art and literature, Sheffield University, 1975-6 _hprint |
||
| 650 | _aAfrican art and literature | ||
| 005 | 20191021095103.0 | ||
| 260 |
_aenk _bDepartment of English Literature, The University _c1976 |
||
| 084 | _aPL8010 .P28 | ||
| 300 |
_avii, 127 p. _b 22 cm. _cvii, 127 p. ; 22 cm. |
||
| 500 | _aedited by Christopher Heywood. | ||
| 490 | _aSheffield papers on literature and society ; 1 | ||
| 999 |
_c11801 _d11801 |
||